[Event "28. Klatovy B 2022"]
[Site "Klatovy"]
[Date "2022.07.09"]
[Round "8.9"]
[White "Kubat, Zbynek"]
[Black "Danek, Vaclav"]
[Result "0-1"]
[WhiteElo "1596"]
[BlackElo "1862"]
[PlyCount "34"]
[EventDate "2022.07.02"]
[EventType "swiss"]
[EventRounds "9"]
[EventCountry "CZE"]

1. e4 e5 2. Nf3 Nf6 3. Nc3 d6 4. d3 Be7 5. Be3 O-O 6. h3 h6 7. Be2 c6 8. O-O c5 9. a3 Nc6 10. Nh2 Nd4 11. f4 Be6 12. f5 Bd7 13. Bg4 Bc6 14. Ne2 d5 15. Qd2 dxe4 16. Nxd4 cxd4 17. Bxh6 e3 0-1

[Event "28. Klatovy B 2022"]
[Site "Klatovy"]
[Date "2022.07.09"]
[Round "8.10"]
[White "Vachal, Josef1"]
[Black "Studzinski, Boleslav"]
[Result "1-0"]
[WhiteElo "1765"]
[BlackElo "1583"]
[PlyCount "55"]
[EventDate "2022.07.02"]
[EventType "swiss"]
[EventRounds "9"]
[EventCountry "CZE"]

1. d4 Nf6 2. e3 d6 3. f4 Bg4 4. Nf3 Ne4 5. h3 Ng3 6. Rh2 Nxf1 7. Kxf1 Bd7 8. c4 g6 9. Nc3 Bg7 10. e4 O-O 11. Be3 c6 12. Qd2 e5 13. g4 Re8 14. Rd1 exf4 15. Bxf4 Qc8 16. Bxd6 h5 17. Qg5 hxg4 18. hxg4 Bxg4 19. Rd3 Bh5 20. Qg3 Qg4 21. Ne5 Qe6 22. c5 Nd7 23. Nxd7 Qxd7 24. Qg2 Re6 25. Rg3 f5 26. e5 Kf7 27. Rxh5 b6 28. Rxf5+ 1-0

[Event "28. Klatovy B 2022"]
[Site "Klatovy"]
[Date "2022.07.09"]
[Round "8.11"]
[White "Svec, Ludek"]
[Black "Vnoucek, Pavel"]
[Result "1-0"]
[WhiteElo "1585"]
[BlackElo "1678"]
[PlyCount "89"]
[EventDate "2022.07.02"]
[EventType "swiss"]
[EventRounds "9"]
[EventCountry "CZE"]

1. d4 Nf6 2. Nf3 g6 3. g3 Bg7 4. Bg2 O-O 5. c4 c6 6. Nc3 d6 7. O-O Nbd7 8. Qc2 Qc7 9. b3 e5 10. Rd1 Re8 11. dxe5 dxe5 12. Bb2 Nf8 13. h3 Bf5 14. e4 Bd7 15. Ne2 h6 16. Rd2 N6h7 17. Rad1 Be6 18. Nc1 f6 19. Ba3 c5 20. Ne2 b6 21. Nc3 Rad8 22. Nb5 Rxd2 23. Qxd2 Qe7 24. Bb2 Bc8 25. Nc3 Ne6 26. Nd5 Qd8 27. Nh4 Nhf8 28. Bc1 Nd4 29. Kh1 Be6 30. f4 Bxd5 31. exd5 f5 32. Nf3 Nxf3 33. Bxf3 e4 34. Be2 Qd6 35. Qe1 Kh7 36. Be3 Nd7 37. g4 Bf6 38. gxf5 gxf5 39. Bh5 Rf8 40. Qd2 Bh4 41. Rg1 Rg8 42. Rxg8 Kxg8 43. Qg2+ Kh7 44. Bf7 Qf6 45. Qg8# 1-0

[Event "28. Klatovy B 2022"]
[Site "Klatovy"]
[Date "2022.07.09"]
[Round "8.12"]
[White "Macho, Miloslav"]
[Black "Vavrinkova, Jitka"]
[Result "1/2-1/2"]
[WhiteElo "1664"]
[BlackElo "1548"]
[PlyCount "46"]
[EventDate "2022.07.02"]
[EventType "swiss"]
[EventRounds "9"]
[EventCountry "CZE"]

1. e4 e6 2. d3 d5 3. Nd2 Nf6 4. Ngf3 Be7 5. Be2 O-O 6. O-O c5 7. c3 Nc6 8. e5 Nd7 9. d4 f6 10. exf6 Nxf6 11. dxc5 Bxc5 12. Nb3 Bd6 13. Bg5 Bc7 14. Bh4 e5 15. Qc2 h6 16. Rad1 e4 17. Nfd4 Bb6 18. Qd2 Qe8 19. c4 Nxd4 20. Nxd4 dxc4 21. Bxc4+ Kh8 22. Bb5 Qg6 23. Kh1 Bg4 1/2-1/2

[Event "28. Klatovy B 2022"]
[Site "Klatovy"]
[Date "2022.07.09"]
[Round "8.13"]
[White "Bukvaj, Martin"]
[Black "Rudlof, Jan"]
[Result "0-1"]
[WhiteElo "1410"]
[BlackElo "1767"]
[PlyCount "116"]
[EventDate "2022.07.02"]
[EventType "swiss"]
[EventRounds "9"]
[EventCountry "CZE"]

1. e4 c6 2. d4 d5 3. exd5 cxd5 4. Bd3 Nc6 5. c3 Nf6 6. Nf3 Bg4 7. Bf4 e6 8. O-O Bd6 9. Bxd6 Qxd6 10. Nbd2 O-O 11. h3 Bh5 12. Re1 a6 13. Nf1 b5 14. a3 Na5 15. Ng3 Bg6 16. Bxg6 hxg6 17. Ne5 Nc4 18. Rb1 a5 19. h4 Ra7 20. h5 gxh5 21. Nxh5 Nxh5 22. Qxh5 Re8 23. Nxc4 bxc4 24. Re3 g6 25. Qh6 Qf8 26. Qf4 Qg7 27. Rbe1 Rd7 28. g4 g5 29. Qe5 f6 30. Qg3 Kf7 31. f4 gxf4 32. Qxf4 Rde7 33. R1e2 Rh8 34. Rh2 Rxh2 35. Kxh2 Qg5 36. Qxg5 fxg5 37. Kg3 Rb7 38. Re2 Ke7 39. Kf3 Rb8 40. Ke3 Rh8 41. Kd2 Rh4 42. Rg2 a4 43. Ke2 Kd6 44. Kf2 Rh1 45. Rg1 Rh6 46. Rg3 Rh7 47. Rg2 e5 48. dxe5+ Kxe5 49. Kg3 d4 50. cxd4+ Kxd4 51. Rd2+ Kc5 52. Re2 Rd7 53. Kf2 Rd5 54. Ke1 Kd4 55. Kd2 Rb5 56. Kc1 Rb3 57. Rd2+ Rd3 58. Rf2 Rg3 0-1

[Event "28. Klatovy B 2022"]
[Site "Klatovy"]
[Date "2022.07.09"]
[Round "8.14"]
[White "Jedlicka, Pavel"]
[Black "Zak, Jiri1"]
[Result "0-1"]
[WhiteElo "1406"]
[BlackElo "1732"]
[PlyCount "126"]
[EventDate "2022.07.02"]
[EventType "swiss"]
[EventRounds "9"]
[EventCountry "CZE"]

1. d4 g6 2. e4 d6 3. f4 Bg7 4. Nf3 e6 5. Bd2 Ne7 6. c4 b6 7. Nc3 Bb7 8. Be2 c5 9. d5 O-O 10. f5 exf5 11. Qc1 Re8 12. O-O Nd7 13. Bg5 f6 14. Bf4 Ne5 15. Bh6 Bh8 16. Bd1 Bc8 17. Ba4 Bd7 18. Nxe5 Bxa4 19. Nxg6 hxg6 20. Nxa4 fxe4 21. Nc3 Nf5 22. g4 Nd4 23. Qf4 a6 24. Rae1 Nf3+ 25. Kh1 Nxe1 26. Rxe1 e3 27. Ne4 Qe7 28. Nxd6 g5 29. Qg3 Red8 30. Nf5 Qe4+ 31. Kg1 Qxc4 32. Qxe3 Qxg4+ 33. Ng3 Qd4 34. Nf5 Qxe3+ 35. Rxe3 Re8 36. Rd3 Kh7 37. d6 Kg6 38. d7 Red8 39. Bf8 Rxf8 40. Ne7+ Kf7 41. Nc6 Rad8 42. Rd6 f5 43. Nxd8+ Rxd8 44. b3 b5 45. Rxa6 Rxd7 46. Rc6 Bd4+ 47. Kg2 Ra7 48. a4 bxa4 49. bxa4 Rxa4 50. h4 gxh4 51. Kf3 c4 52. Kf4 Bf6 53. Kxf5 Ra5+ 54. Ke4 c3 55. Rc7+ Kg6 56. Kf3 Rh5 57. Kg2 h3+ 58. Kh1 Rd5 59. Rc4 Be5 60. Rg4+ Kh5 61. Rg1 c2 62. Rf1 Rd1 63. Kg1 c1=Q 0-1

[Event "28. Klatovy B 2022"]
[Site "Klatovy"]
[Date "2022.07.09"]
[Round "8.15"]
[White "Nova, Anezka"]
[Black "Skalny, Petr"]
[Result "1/2-1/2"]
[WhiteElo "1060"]
[BlackElo "1609"]
[PlyCount "26"]
[EventDate "2022.07.02"]
[EventType "swiss"]
[EventRounds "9"]
[EventCountry "CZE"]

1. e4 d5 2. exd5 Nf6 3. d4 Nxd5 4. c4 Nb4 5. a3 N4c6 6. d5 Ne5 7. Nf3 Bg4 8. Be2 Bxf3 9. Bxf3 c6 10. Qe2 Qc7 11. Bf4 Nd3+ 12. Qxd3 Qxf4 13. O-O cxd5 1/2-1/2

[Event "28. Klatovy B 2022"]
[Site "Klatovy"]
[Date "2022.07.09"]
[Round "8.16"]
[White "Hanzlik, Jiri"]
[Black "Bukvaj, Jan"]
[Result "1/2-1/2"]
[WhiteElo "1609"]
[BlackElo "1342"]
[PlyCount "33"]
[EventDate "2022.07.02"]
[EventType "swiss"]
[EventRounds "9"]
[EventCountry "CZE"]

1. e4 d5 2. e5 Bf5 3. d4 e6 4. Nf3 c5 5. c3 Nc6 6. Bb5 a6 7. Bxc6+ bxc6 8. Qa4 Qb6 9. Qb3 Qxb3 10. axb3 Bd3 11. Nbd2 Nh6 12. Nf1 Nf5 13. g4 Be4 14. Ke2 Nh4 15. N1d2 Bxf3+ 16. Nxf3 Nxf3 17. Kxf3 1/2-1/2

[Event "28. Klatovy B 2022"]
[Site "Klatovy"]
[Date "2022.07.09"]
[Round "8.17"]
[White "Pucholt, Martin 1978"]
[Black "Rychtecky, Pavel"]
[Result "1-0"]
[WhiteElo "1566"]
[BlackElo "1482"]
[PlyCount "113"]
[EventDate "2022.07.02"]
[EventType "swiss"]
[EventRounds "9"]
[EventCountry "CZE"]

1. c4 Nf6 2. Nc3 d5 3. cxd5 Nxd5 4. g3 g6 5. Bg2 c6 6. Nf3 Bg7 7. O-O O-O 8. Nxd5 cxd5 9. d4 Nc6 10. Be3 Qb6 11. Qd2 e6 12. Rfd1 Bd7 13. Bh6 Qd8 14. Bxg7 Kxg7 15. Rdc1 Qe7 16. a3 a6 17. Rc2 Qd6 18. Rac1 f6 19. Ne1 Rac8 20. e3 b6 21. b4 Na7 22. Bf1 Rxc2 23. Rxc2 b5 24. Nd3 Rc8 25. Rxc8 Bxc8 26. Nc5 e5 27. dxe5 fxe5 28. Bg2 e4 29. Nxe4 Qe5 30. Nc3 Nc6 31. f4 Qf6 32. Bxd5 Ne7 33. Qd4 Nxd5 34. Nxd5 Qxd4 35. exd4 Bb7 36. Ne3 Kf6 37. Kf2 Ke6 38. g4 Be4 39. Kg3 h6 40. f5+ Kf6 41. fxg6 Bxg6 42. Kf4 Ke6 43. h4 Bd3 44. Nf5 Kd5 45. Nxh6 Kxd4 46. Nf5+ Kc3 47. h5 Bc4 48. g5 Kb3 49. g6 Kxa3 50. h6 Kxb4 51. h7 a5 52. h8=Q a4 53. Qb2+ Kc5 54. Ne7 b4 55. g7 a3 56. Qe5+ Kb6 57. g8=Q 1-0

[Event "28. Klatovy B 2022"]
[Site "Klatovy"]
[Date "2022.07.09"]
[Round "8.18"]
[White "Sindelar, Jan 2000"]
[Black "Kovar, Vaclav 1953"]
[Result "1-0"]
[WhiteElo "1466"]
[BlackElo "1619"]
[PlyCount "49"]
[EventDate "2022.07.02"]
[EventType "swiss"]
[EventRounds "9"]
[EventCountry "CZE"]

1. c4 c5 2. g3 Nc6 3. Bg2 Nf6 4. Nf3 d5 5. cxd5 Nxd5 6. Nc3 Nxc3 7. bxc3 Bf5 8. O-O e6 9. Nh4 Bg6 10. Qa4 Be7 11. Bxc6+ bxc6 12. Qxc6+ Kf8 13. Nxg6+ hxg6 14. Ba3 Rc8 15. Qa6 Rc7 16. Rab1 Bd6 17. d4 Ke7 18. dxc5 Bxc5 19. Bxc5+ Rxc5 20. Qxa7+ Rc7 21. Rb7 Rxb7 22. Qxb7+ Kf6 23. Qf3+ Ke7 24. Rb1 f6 25. Qc6 1-0

[Event "28. Klatovy B 2022"]
[Site "Klatovy"]
[Date "2022.07.09"]
[Round "8.19"]
[White "Berkovec, Josef"]
[Black "Sobr, Vaclav"]
[Result "1/2-1/2"]
[WhiteElo "1544"]
[BlackElo "1474"]
[PlyCount "71"]
[EventDate "2022.07.02"]
[EventType "swiss"]
[EventRounds "9"]
[EventCountry "CZE"]

1. Nf3 Nc6 2. c4 g6 3. Nc3 Bg7 4. d4 d6 5. e4 Bg4 6. Be3 e6 7. Be2 Qd7 8. h3 Bxf3 9. Bxf3 a6 10. O-O h5 11. d5 Ne5 12. Be2 f5 13. dxe6 Qxe6 14. Nd5 Qf7 15. f4 Nc6 16. exf5 gxf5 17. Bf3 Nf6 18. Re1 O-O-O 19. Qc2 Nxd5 20. Bxd5 Qf6 21. Bxc6 bxc6 22. b3 Rhf8 23. Rad1 Qc3 24. Qf2 Rde8 25. Rc1 Qd3 26. Qd2 Qxd2 27. Bxd2 Bd4+ 28. Kf1 c5 29. Rxe8+ Rxe8 30. Re1 Rxe1+ 31. Kxe1 Kd7 32. Ke2 h4 33. Kf3 Ke6 34. g3 hxg3 35. Kxg3 c6 36. Kf3 1/2-1/2

[Event "28. Klatovy B 2022"]
[Site "Klatovy"]
[Date "2022.07.09"]
[Round "8.20"]
[White "Maly, Jiri 2011"]
[Black "Vavrousek, Petr"]
[Result "0-1"]
[WhiteElo "1249"]
[BlackElo "1517"]
[PlyCount "106"]
[EventDate "2022.07.02"]
[EventType "swiss"]
[EventRounds "9"]
[EventCountry "CZE"]

1. e4 e6 2. d4 d5 3. Nd2 dxe4 4. Nxe4 Nd7 5. Nf3 Ngf6 6. Ng3 c5 7. c3 Qb6 8. Bd3 cxd4 9. cxd4 Bb4+ 10. Bd2 Bd6 11. Qc2 Nf8 12. O-O Bd7 13. Rac1 Bc6 14. Ne5 Bd5 15. Qa4+ N8d7 16. Ba5 Qxb2 17. Rb1 Qa3 18. Qxa3 Bxa3 19. Nc4 Be7 20. Ne3 Bc6 21. f4 g6 22. Nc2 Nd5 23. Bb5 Bxb5 24. Rxb5 b6 25. Bd2 O-O 26. Ne3 Nxe3 27. Bxe3 Rfc8 28. d5 a6 29. Rb2 exd5 30. Rd1 Bc5 31. Nf1 Nf6 32. Bxc5 bxc5 33. Ne3 d4 34. Nc4 Rab8 35. Rc2 Nd5 36. g3 Rb4 37. Rd3 Rb1+ 38. Kf2 Nb4 39. Rcd2 Nxd3+ 40. Rxd3 Rc1 41. Nd6 Rb8 42. Rd2 Rh1 43. Kg2 Rhb1 44. Nc4 f6 45. Kf3 Rc1 46. Nd6 Rd8 47. Ne4 f5 48. Nf2 c4 49. h3 d3 50. Ke3 Re8+ 51. Kf3 Rc2 52. Rd1 Ree2 53. Nh1 Rxa2 0-1

[Event "28. Klatovy B 2022"]
[Site "Klatovy"]
[Date "2022.07.09"]
[Round "8.21"]
[White "Devera, Filip"]
[Black "Cyron, Karel"]
[Result "1/2-1/2"]
[WhiteElo "1287"]
[BlackElo "1708"]
[PlyCount "64"]
[EventDate "2022.07.02"]
[EventType "swiss"]
[EventRounds "9"]
[EventCountry "CZE"]

1. e4 Nf6 2. e5 Nd5 3. d4 d6 4. Nf3 Bg4 5. Be2 e6 6. O-O Be7 7. h3 Bh5 8. c4 Nb6 9. Nc3 N8d7 10. Be3 O-O 11. b3 f6 12. exd6 cxd6 13. Qc2 f5 14. Rad1 Nf6 15. d5 e5 16. Qxf5 Nfxd5 17. Qxh5 Nxc3 18. Rd2 Nxe2+ 19. Rxe2 Nd7 20. Qg4 Kh8 21. Qe4 Qc8 22. Rd1 Qc6 23. Qxc6 bxc6 24. Ng5 Nf6 25. Bc1 Nd7 26. Ne4 Rad8 27. Red2 d5 28. cxd5 Bb4 29. Rd3 c5 30. Bd2 Ba3 31. Bc1 Bb4 32. Bd2 Ba3 1/2-1/2

[Event "28. Klatovy B 2022"]
[Site "Klatovy"]
[Date "2022.07.09"]
[Round "8.22"]
[White "Fadrny, Jachym"]
[Black "Beran, Jakub"]
[Result "1/2-1/2"]
[WhiteElo "1198"]
[BlackElo "1676"]
[PlyCount "67"]
[EventDate "2022.07.02"]
[EventType "swiss"]
[EventRounds "9"]
[EventCountry "CZE"]

1. e4 c5 2. c3 Nc6 3. d4 cxd4 4. cxd4 d5 5. exd5 Qxd5 6. Nf3 Bg4 7. Be2 e6 8. Nc3 Qd8 9. Be3 Nf6 10. O-O Be7 11. h3 Bh5 12. Qd2 O-O 13. Rfd1 Bb4 14. a3 Ba5 15. Qc2 h6 16. Ne5 Bxe2 17. Qxe2 Rc8 18. Rac1 Bb6 19. Nf3 Ne7 20. Bf4 Ned5 21. Be5 a6 22. Bxf6 Qxf6 23. Ne5 Rfd8 24. Nxd5 exd5 25. Qg4 Rxc1 26. Rxc1 h5 27. Qd1 Re8 28. Qa4 Re6 29. Nf3 Rc6 30. Rd1 Qf4 31. Qb3 Rc1 32. Rxc1 Qxc1+ 33. Kh2 Bxd4 34. Nxd4 1/2-1/2

[Event "28. Klatovy B 2022"]
[Site "Klatovy"]
[Date "2022.07.09"]
[Round "8.23"]
[White "Berkovec, Jakub"]
[Black "Levinsky, Ladislav"]
[Result "1/2-1/2"]
[WhiteElo "1191"]
[BlackElo "1498"]
[PlyCount "71"]
[EventDate "2022.07.02"]
[EventType "swiss"]
[EventRounds "9"]
[EventCountry "CZE"]

1. e4 d6 2. d4 Nf6 3. Nc3 g6 4. Nf3 Bg7 5. Bg5 c6 6. Be2 O-O 7. O-O b5 8. a3 Bb7 9. Bd3 a6 10. b4 Qc7 11. Be3 Ng4 12. Bd2 Nf6 13. Be3 Nbd7 14. Ne2 Ng4 15. Qd2 Nxe3 16. Qxe3 e5 17. c3 a5 18. Rac1 Qb6 19. Rfd1 axb4 20. axb4 Ra3 21. h3 Re8 22. Qd2 Rea8 23. Bb1 d5 24. exd5 cxd5 25. dxe5 Nxe5 26. Nfd4 Nc6 27. Rc2 Ne5 28. Ba2 Nc4 29. Bxc4 dxc4 30. Qg5 f5 31. f3 Bf8 32. Kf1 Ra1 33. Rcc1 R1a2 34. Rd2 Bg7 35. Rxa2 Rxa2 36. Qe7 1/2-1/2

[Event "28. Klatovy B 2022"]
[Site "Klatovy"]
[Date "2022.07.09"]
[Round "8.24"]
[White "Vasko, Pavel"]
[Black "Zrust, Lukas"]
[Result "1-0"]
[WhiteElo "1477"]
[BlackElo "1266"]
[PlyCount "147"]
[EventDate "2022.07.02"]
[EventType "swiss"]
[EventRounds "9"]
[EventCountry "CZE"]

1. e4 d5 2. exd5 Qxd5 3. Nc3 Qd6 4. d4 Nf6 5. Nf3 g6 6. Be2 Bg7 7. O-O O-O 8. Be3 a6 9. Qd2 b5 10. a3 Bb7 11. Rad1 Ng4 12. Bf4 Qd8 13. h3 Nf6 14. Qc1 Nbd7 15. Ne1 Nb6 16. Bf3 Qc8 17. Bxb7 Qxb7 18. Nf3 Rfd8 19. Rfe1 e6 20. Bg5 Rd7 21. Rd3 Nbd5 22. Bxf6 Nxf6 23. Qd2 Rad8 24. Rd1 Kf8 25. Qe3 Nd5 26. Nxd5 Rxd5 27. c3 Ke7 28. Ne1 Qc6 29. Qg3 h6 30. Re3 Rg5 31. Qf3 Qxf3 32. Nxf3 Rgd5 33. Rde1 c5 34. dxc5 Rxc5 35. R1e2 Rcd5 36. g3 h5 37. Kg2 a5 38. Re4 Rc8 39. Ne5 Rcc5 40. f4 Bxe5 41. fxe5 Rc4 42. R4e3 Rc7 43. h4 Rcd7 44. Kf3 Rd2 45. Ke4 R7d3 46. Kf3 Rxe2 47. Kxe2 Rd5 48. b3 Kd7 49. Kf3 f6 50. exf6 Rf5+ 51. Ke4 Rxf6 52. Rd3+ Ke7 53. c4 bxc4 54. bxc4 Rf5 55. Rb3 Rc5 56. Kd4 Rc7 57. Rb5 Ra7 58. c5 Kd7 59. Ke5 Ke7 60. a4 Kf7 61. Rb6 Rc7 62. c6 Ke7 63. Rb7 Kd8 64. Rxc7 Kxc7 65. Kxe6 Kxc6 66. Kf6 Kc5 67. Kxg6 Kb4 68. Kxh5 Kxa4 69. Kg4 Kb3 70. h5 a4 71. h6 a3 72. h7 a2 73. h8=Q a1=Q 74. Qxa1 1-0

[Event "28. Klatovy B 2022"]
[Site "Klatovy"]
[Date "2022.07.09"]
[Round "8.27"]
[White "Lickova, Anna"]
[Black "Studzinski, David 2002"]
[Result "1/2-1/2"]
[WhiteElo "1016"]
[BlackElo "1284"]
[PlyCount "90"]
[EventDate "2022.07.02"]
[EventType "swiss"]
[EventRounds "9"]
[EventCountry "CZE"]

1. e4 d6 2. d4 c6 3. Nc3 g6 4. Nf3 Bg7 5. Bf4 Qb6 6. b3 Qa5 7. Qd2 e5 8. Be3 Nf6 9. Be2 Ng4 10. d5 Nxe3 11. fxe3 O-O 12. O-O Bg4 13. h3 Bxf3 14. Bxf3 cxd5 15. Rad1 d4 16. exd4 exd4 17. Nd5 Qxd2 18. Rxd2 Nc6 19. Rb1 b5 20. a3 Ne5 21. Be2 a6 22. a4 bxa4 23. bxa4 a5 24. c3 dxc3 25. Nxc3 Nc4 26. Bxc4 Bxc3 27. Rxd6 Bb4 28. Rd7 Rae8 29. Rf1 Re7 30. Rxe7 Bxe7 31. e5 Kg7 32. Rd1 Bc5+ 33. Kh1 Re8 34. Rd7 Rxe5 35. Rxf7+ Kh6 36. g3 Re3 37. Kg2 Rc3 38. Bb5 Rc2+ 39. Kf1 Rc1+ 40. Ke2 Rh1 41. h4 Rh3 42. Kf3 Bd6 43. Rd7 Be5 44. Rd5 Bc7 45. Rg5 Rh2 1/2-1/2

[Event "28. Klatovy B 2022"]
[Site "Klatovy"]
[Date "2022.07.09"]
[Round "8.29"]
[White "Filip, Petr 1952"]
[Black "Josko, Jiri"]
[Result "0-1"]
[WhiteElo "1266"]
[BlackElo "1584"]
[PlyCount "54"]
[EventDate "2022.07.02"]
[EventType "swiss"]
[EventRounds "9"]
[EventCountry "CZE"]

1. e4 d5 2. exd5 Nf6 3. Bc4 Nxd5 4. Nf3 Nc6 5. a3 g6 6. O-O Bg7 7. c3 O-O 8. Re1 Bg4 9. d4 e6 10. h3 Bxf3 11. Qxf3 Na5 12. Ba2 b5 13. Nd2 c6 14. Ne4 h6 15. Qe2 Nb7 16. Bd2 a5 17. Qd1 a4 18. Qc1 Qh4 19. Bb1 f5 20. c4 fxe4 21. Rxe4 Qxf2+ 22. Kh2 bxc4 23. Bxh6 Rf6 24. Bxg7 Kxg7 25. Rg4 Ne3 26. Rxg6+ Rxg6 27. Bxg6 Qxg2# 0-1

[Event "28. Klatovy B 2022"]
[Site "Klatovy"]
[Date "2022.07.09"]
[Round "8.30"]
[White "Kotesovec, Jaroslav"]
[Black "Vajdik, Josef"]
[Result "0-1"]
[WhiteElo "1543"]
[BlackElo "1305"]
[PlyCount "50"]
[EventDate "2022.07.02"]
[EventType "swiss"]
[EventRounds "9"]
[EventCountry "CZE"]

1. e4 c5 2. Nf3 e6 3. d4 cxd4 4. Nxd4 a6 5. Bd3 b5 6. O-O Qc7 7. Nd2 Bb7 8. N4f3 d6 9. Re1 Nd7 10. Nb3 Ngf6 11. Bd2 Rc8 12. Ba5 Qb8 13. Rc1 Nc5 14. Nxc5 dxc5 15. c4 Bc6 16. cxb5 axb5 17. Bc3 Be7 18. e5 Nd5 19. Bd2 O-O 20. Bg5 Bxg5 21. Nxg5 h6 22. Qh5 Nf4 23. Bh7+ Kh8 24. Nxf7+ Kxh7 25. Ng5+ Kg8 0-1

[Event "28. Klatovy B 2022"]
[Site "Klatovy"]
[Date "2022.07.09"]
[Round "8.32"]
[White "Stross, Frantisek 1952"]
[Black "Skalicky, Jindrich"]
[Result "1-0"]
[WhiteElo "1414"]
[BlackElo "1152"]
[PlyCount "87"]
[EventDate "2022.07.02"]
[EventType "swiss"]
[EventRounds "9"]
[EventCountry "CZE"]

1. e4 c5 2. Bc4 e6 3. Nf3 d5 4. exd5 exd5 5. Be2 Nf6 6. d4 cxd4 7. Nxd4 Be7 8. h3 O-O 9. O-O Nc6 10. c3 Nxd4 11. cxd4 b6 12. Nc3 Bb7 13. f4 Qc7 14. Nb5 Qb8 15. f5 a6 16. Bf4 Qd8 17. Nc3 Rc8 18. Bf3 b5 19. a3 b4 20. axb4 Bxb4 21. Qe1 Re8 22. Qg3 Bxc3 23. bxc3 Ne4 24. Bxe4 Rxe4 25. Bh6 Qf6 26. Bg5 Qc6 27. Rac1 f6 28. Bd2 Re2 29. Rf2 Rxf2 30. Kxf2 Re8 31. Bf4 Qd7 32. Qd3 Bc8 33. g4 Re4 34. Kg3 Qf7 35. c4 Bb7 36. c5 Bc8 37. c6 h5 38. c7 g6 39. Rb1 gxf5 40. Rb8 Kh7 41. Rxc8 fxg4 42. Rh8+ Kg7 43. h4 Rxf4 44. Qh7# 1-0

[Event "28. Klatovy B 2022"]
[Site "Klatovy"]
[Date "2022.07.09"]
[Round "8.33"]
[White "Kusova, Nikola"]
[Black "Kratochvil, Milos 1976"]
[Result "1-0"]
[WhiteElo "1250"]
[BlackElo "1393"]
[PlyCount "47"]
[EventDate "2022.07.02"]
[EventType "swiss"]
[EventRounds "9"]
[EventCountry "CZE"]

1. e4 e5 2. Nc3 Nf6 3. Bc4 Be7 4. d3 d6 5. f4 exf4 6. Bxf4 Be6 7. Bb3 Bxb3 8. axb3 Nc6 9. Nf3 Qd7 10. O-O O-O 11. Qe1 Nh5 12. Bg3 Nxg3 13. Qxg3 Bf6 14. Nd5 Qd8 15. c3 Ne5 16. Nxf6+ Qxf6 17. Nh4 Qe6 18. d4 Ng6 19. Nf5 Kh8 20. h4 Rg8 21. Qg5 f6 22. Qg4 Ne7 23. Nh6 Qxg4 24. Nf7# 1-0

[Event "28. Klatovy B 2022"]
[Site "Klatovy"]
[Date "2022.07.09"]
[Round "8.34"]
[White "Kroulik, Stepan"]
[Black "Kasik, Denis"]
[Result "1/2-1/2"]
[WhiteElo "1134"]
[BlackElo "1361"]
[PlyCount "50"]
[EventDate "2022.07.02"]
[EventType "swiss"]
[EventRounds "9"]
[EventCountry "CZE"]

1. e4 e6 2. d4 d5 3. Nd2 Nf6 4. e5 Nfd7 5. Ngf3 c5 6. c3 a6 7. a4 Nc6 8. Be2 f6 9. exf6 Nxf6 10. O-O Be7 11. dxc5 Bxc5 12. b4 Bd6 13. Nb3 O-O 14. Bg5 Qc7 15. Rc1 Ne5 16. h3 h6 17. Bh4 g5 18. Nxe5 Bxe5 19. Bg3 Bxg3 20. fxg3 Qxg3 21. Rf3 Qd6 22. Qc2 Ne4 23. Rd1 Qb6+ 24. Kh2 Qd6+ 25. Kg1 Qb6+ 1/2-1/2

[Event "28. Klatovy B 2022"]
[Site "Klatovy"]
[Date "2022.07.09"]
[Round "8.38"]
[White "Skopkova, Marcela"]
[Black "Rudlof, Adam"]
[Result "0-1"]
[WhiteElo "1315"]
[BlackElo "1438"]
[PlyCount "74"]
[EventDate "2022.07.02"]
[EventType "swiss"]
[EventRounds "9"]
[EventCountry "CZE"]

1. d4 Nf6 2. Nf3 g6 3. c3 d5 4. e3 Bg7 5. Be2 O-O 6. O-O c6 7. Bd2 Nbd7 8. h3 Re8 9. Be1 e6 10. Nbd2 c5 11. dxc5 Nxc5 12. Nb3 Nfe4 13. Nxc5 Nxc5 14. Nd2 Bd7 15. Qc1 Qb6 16. b3 Rac8 17. Nf3 Ne4 18. Nd4 Qc7 19. Qa3 Nxc3 20. Bxc3 Qxc3 21. Rac1 Qd2 22. Rxc8 Rxc8 23. Bb5 Bxb5 24. Nxb5 a6 25. Nd4 Bxd4 26. exd4 Qxd4 27. Qe7 Qb6 28. b4 Rc2 29. a3 Ra2 30. Qe8+ Kg7 31. Qa4 Qb5 32. Qb3 Qc4 33. Qxc4 dxc4 34. Rc1 b5 35. Rc3 Kf6 36. g4 Ke5 37. Kf1 Kd4 0-1

[Event "28. Klatovy B 2022"]
[Site "Klatovy"]
[Date "2022.07.10"]
[Round "9.2"]
[White "Chmelik, Ladislav"]
[Black "Zednik, Zdenek"]
[Result "1/2-1/2"]
[WhiteElo "1730"]
[BlackElo "1845"]
[PlyCount "38"]
[EventDate "2022.07.02"]
[EventType "swiss"]
[EventRounds "9"]
[EventCountry "CZE"]

1. d4 Nf6 2. Nf3 e6 3. c4 c5 4. e3 cxd4 5. exd4 d5 6. a3 b6 7. Nc3 Be7 8. Bd3 dxc4 9. Bxc4 O-O 10. O-O Bb7 11. Qe2 Nd5 12. Ne4 Nd7 13. Re1 N7f6 14. Neg5 h6 15. Nh3 Rc8 16. Ne5 Bd6 17. Bf4 Nxf4 18. Nxf4 Nd5 19. Nxd5 Bxd5 1/2-1/2

[Event "28. Klatovy B 2022"]
[Site "Klatovy"]
[Date "2022.07.10"]
[Round "9.3"]
[White "Vachal, Josef1"]
[Black "Jirasek, Jiri"]
[Result "1/2-1/2"]
[WhiteElo "1765"]
[BlackElo "1878"]
[PlyCount "35"]
[EventDate "2022.07.02"]
[EventType "swiss"]
[EventRounds "9"]
[EventCountry "CZE"]

1. d4 Nf6 2. Nf3 d5 3. g3 c5 4. c4 dxc4 5. Nc3 e6 6. Bg5 cxd4 7. Qxd4 Qxd4 8. Nxd4 Nd5 9. Ndb5 Na6 10. O-O-O f6 11. Nxd5 exd5 12. Bf4 Bf5 13. Bg2 Be4 14. f3 Bg6 15. Rxd5 Bf7 16. Rd4 Bc5 17. Re4+ Kd7 18. Rd1+ 1/2-1/2

[Event "28. Klatovy B 2022"]
[Site "Klatovy"]
[Date "2022.07.10"]
[Round "9.4"]
[White "Masek, Jan"]
[Black "Durchan, Milan 1961"]
[Result "0-1"]
[WhiteElo "1865"]
[BlackElo "1687"]
[PlyCount "124"]
[EventDate "2022.07.02"]
[EventType "swiss"]
[EventRounds "9"]
[EventCountry "CZE"]

1. e4 c6 2. d4 d5 3. e5 Bf5 4. Bd3 Bxd3 5. Qxd3 e6 6. f4 Qb6 7. Nf3 c5 8. c3 Nc6 9. O-O Nh6 10. Rd1 cxd4 11. cxd4 Nf5 12. Kh1 g6 13. g4 Ng7 14. h3 h5 15. Kg2 Be7 16. Nc3 a6 17. a3 Na5 18. b4 Nc4 19. Rb1 Qc7 20. Ne2 b5 21. Bd2 Qc6 22. Rdc1 Kd7 23. Ng3 Rag8 24. Rh1 Qc8 25. Qb3 Qc6 26. Ra1 Ra8 27. Rac1 Rag8 28. Qc2 Qc7 29. a4 Qc6 30. axb5 axb5 31. Kf2 h4 32. Ne2 Ra8 33. Qb3 Ra4 34. Ra1 Rha8 35. Bc3 Ra3 36. Rxa3 Rxa3 37. Qc2 Qa6 38. Rc1 Ra2 39. Qb3 Ra3 40. Qb1 Qa4 41. Qc2 Qa6 42. Rb1 Ra2 43. Qd1 Qa3 44. Rb3 Qa4 45. Ne1 Ra3 46. Rb1 Qa6 47. Nd3 g5 48. fxg5 Ra2 49. Qc1 Qa8 50. g6 Qf8 51. gxf7 Qxf7+ 52. Qf4 Qg6 53. Nc5+ Bxc5 54. bxc5 Qxb1 55. Qf7+ Kc6 56. Qxg7 Rxe2+ 57. Kxe2 Qe4+ 58. Kf2 Qe3+ 59. Kf1 Qf3+ 60. Ke1 Qxc3+ 61. Ke2 Qe3+ 62. Kf1 Nd2+ 0-1

[Event "28. Klatovy B 2022"]
[Site "Klatovy"]
[Date "2022.07.10"]
[Round "9.5"]
[White "Danek, Vaclav"]
[Black "Vana, Jan 2010"]
[Result "1/2-1/2"]
[WhiteElo "1862"]
[BlackElo "1708"]
[PlyCount "31"]
[EventDate "2022.07.02"]
[EventType "swiss"]
[EventRounds "9"]
[EventCountry "CZE"]

1. e4 c5 2. Nc3 Nc6 3. g3 g6 4. Bg2 Bg7 5. d3 d6 6. Be3 e6 7. Qd2 Nd4 8. Nd1 e5 9. c3 Ne6 10. Ne2 Nf6 11. Bh6 d5 12. Bxg7 Nxg7 13. Qc2 d4 14. O-O O-O 15. h3 Nd7 16. f4 1/2-1/2

[Event "28. Klatovy B 2022"]
[Site "Klatovy"]
[Date "2022.07.10"]
[Round "9.6"]
[White "Skopec, Lubos"]
[Black "Vavrinek, Tomas"]
[Result "1/2-1/2"]
[WhiteElo "1860"]
[BlackElo "1677"]
[PlyCount "27"]
[EventDate "2022.07.02"]
[EventType "swiss"]
[EventRounds "9"]
[EventCountry "CZE"]

1. e4 c5 2. c3 d5 3. exd5 Qxd5 4. d4 e5 5. dxe5 Qxe5+ 6. Be3 Be7 7. Nf3 Qc7 8. Bb5+ Bd7 9. Bxd7+ Nxd7 10. O-O Ngf6 11. Re1 O-O 12. Nbd2 Rfe8 13. Qc2 h6 14. Rad1 1/2-1/2